Cities by clues: France - Statistics

General Stats
  • This quiz has been taken 89 times
  • The average score is 10 of 20
Answer Stats
Hint Answer % Correct
Interpol HQ, Festival of Lights, "The Gastronomic Capital of the World", Les Gones Lyon
94%
French riviera, Issa Nissa, Promenade des Anglais Nice
94%
Monument aux Girondins, the world's largest reflecting pool, wine Bordeaux
83%
Dukes of Burgundy, Gustave Eiffel born in, mustard Dijon
75%
La Braderie, Flemish influence, top 5 urban population in France Lille
67%
24 hours endurance sports car race, Henry II of England born in, City of the Cenomani Le Mans
60%
self proclaimed "Capital of the Alps", "Les Bulles" cable cars, banks of the Isère Grenoble
56%
rue de Siam, female bodypart?, also found in Belarus Brest
53%
Hôtel Groslot, annual assembly of Druids and Gallic stronghold Cenabum, Jeanne d'Arc Orléans
53%
Maison Bonaparte, Genoese period, island Ajaccio
50%
Place de la Comédie, home to many formerly Algerian French, Auguste Comte Montpellier
43%
fortified city, boardgame, UNESCO world heritage site Carcassonne
40%
the city rebuilt by Auguste Perret, movie by Kaurismäki, largest French container port Le Havre
40%
Palace of the Kings of Majorca, river Basse, very close to Mediterranean cost Perpignan
29%
Alsatian wine route, Maison Pfister in Howl's Moving Castle, "Little Venice" Colmar
24%
Graoully dragon, Temple Neuf on Moselle, formerly called Mediomatrix Metz
24%
birthplace of King of France and King of Sweden and Norway, Pyrenees, short name Pau
22%
Palais de l'Isle, "Venice of the Alps", Animated Film Festival, lake Annecy
21%
Plantagenet dynasty, Apocalypse Tapestry, confluence of rivers Mayenne, Sarthe & Loir Angers
17%
"Pearl of France", riviera, Lemon Festival Menton
8%
No matching quizzes found
Score Distribution
Percent of People with Each Score
Percentile by Number Answered
Your Score History
You have not taken this quiz